| 000 | 00397nam a2200145Ia 4500 | ||
|---|---|---|---|
| 008 | 230917s9999||||xx |||||||||||||| ||und|| | ||
| 040 |
_e129141 _aMAIN |
||
| 041 | _aEnglish | ||
| 082 | _a810.9 M668I | ||
| 100 | _aMinter, David L | ||
| 245 | 0 | _aInterpreted design as a structural principle on American prose | |
| 260 |
_aNew Haven _bYale University Press _c1969 |
||
| 300 | _a246 p. | ||
| 942 | _cBK | ||
| 999 |
_c64566 _d64566 |
||